[Event "HUN-chT2 Barcza 2122"]
[Site "Hungary"]
[Date "2022.02.27"]
[Round "7.4"]
[White "Vodila, Martin Botond"]
[Black "Kassay, Lilla"]
[Result "1-0"]
[WhiteElo "2282"]
[BlackElo "2069"]
[PlyCount "99"]
[EventDate "2021.10.10"]
[EventType "team-tourn"]
[EventRounds "9"]
[EventCountry "HUN"]
[SourceTitle "EXT 2025"]
[Source "ChessBase"]
[SourceDate "2024.10.14"]
[SourceVersion "1"]
[SourceVersionDate "2024.10.14"]
[SourceQuality "1"]
[WhiteTeam "Edelenyi VSE"]
[BlackTeam "Miskolc KisBocsok"]
[WhiteTeamCountry "HUN"]
[BlackTeamCountry "HUN"]

1. e4 c5 2. Ne2 d6 3. Nbc3 Nf6 4. g3 Nc6 5. Bg2 e6 6. 0-0 Be7 7. h3 a6 8. d3 Qc7 9. Be3 b5 10. Qd2 Bb7 11. f4 b4 12. Nd1 d5 13. e5 Nd7 14. d4 cxd4 15. Nxd4 Rc8 16. c3 bxc3 17. Nxc3 Nb6 18. Nxc6 Nc4 19. Qf2 Qxc6 20. Bd4 Bc5 21. Bxc5 Qxc5 22. Qxc5 Rxc5 23. Ne2 Ke7 24. Rfc1 Rhc8 25. b3 Ne3 26. Rxc5 Rxc5 27. Rc1 Rxc1+ 28. Nxc1 f6 29. Kf2 Nxg2 30. Kxg2 fxe5 31. fxe5 Kd7 32. Ne2 d4+ 33. Kf2 Kc6 34. Nxd4+ Kd5 35. Nf3 h6 36. Ke3 g5 37. h4 gxh4 38. gxh4 a5 39. Kf4 Ba6 40. Nd2 Kd4 41. Ne4 Bd3 42. Nf2 Bb1 43. a3 Bc2 44. b4 a4 45. Ng4 Kc3 46. b5 Bd3 47. b6 Ba6 48. Nxh6 Kb3 49. Nf5 Kxa3 50. Nd4 1-0

[Event "HUN-chT2 Barcza 2122"]
[Site "Hungary"]
[Date "2022.01.30"]
[Round "5.4"]
[White "Blahota, Marcell"]
[Black "Kassay, Lilla"]
[Result "1-0"]
[WhiteElo "1957"]
[BlackElo "2069"]
[PlyCount "77"]
[EventDate "2021.10.10"]
[EventType "team-tourn"]
[EventRounds "9"]
[EventCountry "HUN"]
[SourceTitle "EXT 2025"]
[Source "ChessBase"]
[SourceDate "2024.10.14"]
[SourceVersion "1"]
[SourceVersionDate "2024.10.14"]
[SourceQuality "1"]
[WhiteTeam "Nyiregyhaza VSC II"]
[BlackTeam "Miskolc KisBocsok"]
[WhiteTeamCountry "HUN"]
[BlackTeamCountry "HUN"]

1. d4 Nf6 2. Nc3 e6 3. e4 d5 4. Bg5 Be7 5. e5 Nfd7 6. Bxe7 Qxe7 7. Nf3 a6 8. Bd3 c5 9. dxc5 Nc6 10. Qe2 Qxc5 11. 0-0 b5 12. Rfe1 Bb7 13. a4 b4 14. Na2 h6 15. Nc1 g5 16. Nb3 Qb6 17. h3 h5 18. Nxg5 Ncxe5 19. a5 Qd6 20. Nd4 Qe7 21. f4 Nxd3 22. Qxd3 0-0-0 23. c3 e5 24. cxb4 Qxb4 25. fxe5 Rdf8 26. Nf5 Kb8 27. Qd4 Qxd4+ 28. Nxd4 Nc5 29. b4 Nd3 30. Re3 Nb2 31. Rb3 Nc4 32. Ngf3 Re8 33. b5 Ka7 34. bxa6 Kxa6 35. Rab1 Re7 36. Nf5 Rc7 37. Nd6 Nxd6 38. exd6 Rd7 39. Rb6+ 1-0

[Event "HUN-chT2 Barcza 1819"]
[Site "Hungary"]
[Date "2019.02.10"]
[Round "7.8"]
[White "Kassay, Lilla"]
[Black "Saller, Imre"]
[Result "1-0"]
[WhiteElo "2049"]
[BlackElo "1791"]
[PlyCount "85"]
[EventDate "2018.09.23"]
[EventType "team-tourn"]
[EventRounds "11"]
[EventCountry "HUN"]
[SourceTitle "CBM 189 Extra"]
[Source "ChessBase"]
[SourceDate "2019.05.31"]
[SourceVersion "1"]
[SourceVersionDate "2019.05.31"]
[SourceQuality "1"]
[WhiteTeam "Miskolc Kisbocsok"]
[BlackTeam "Hajduszoboszlo"]
[WhiteTeamCountry "HUN"]
[BlackTeamCountry "HUN"]

1. e4 e5 2. Nf3 Nc6 3. Bc4 Be7 4. c3 d6 5. d3 Nf6 6. Bb3 Bg4 7. Nbd2 h6 8. Nf1 Na5 9. Bc2 c5 10. h3 Be6 11. Ng3 Qd7 12. Be3 Nc6 13. Bb3 d5 14. Ba4 Bd6 15. Nh4 d4 16. Bd2 a6 17. Nhf5 Bf8 18. cxd4 cxd4 19. 0-0 b5 20. Bb3 g6 21. Bxe6 Qxe6 22. Nh4 Bg7 23. Ne2 0-0 24. f4 exf4 25. Nxf4 Qd6 26. Qb3 Kh7 27. Rac1 Qd7 28. Nf3 g5 29. Ne2 Rac8 30. Rc5 Ng8 31. Rd5 Qa7 32. Ng3 Nge7 33. Nxg5+ hxg5 34. Rxg5 Ng6 35. Nf5 Nce5 36. h4 Bf6 37. Rh5+ Kg8 38. Nd6 Bxh4 39. Nxc8 Rxc8 40. Rff5 Ng4 41. Rxh4 Nxh4 42. Rg5+ Ng6 43. Rxg6+ 1-0

[Event "HUN-chT2 Barcza 1819"]
[Site "Hungary"]
[Date "2018.11.18"]
[Round "4.9"]
[White "Kassay, Lilla"]
[Black "Karacsony, Zsolt"]
[Result "1/2-1/2"]
[WhiteElo "2049"]
[BlackElo "2026"]
[PlyCount "30"]
[EventDate "2018.09.23"]
[EventType "team-tourn"]
[EventRounds "11"]
[EventCountry "HUN"]
[SourceTitle "CBM 189 Extra"]
[Source "ChessBase"]
[SourceDate "2019.05.31"]
[SourceVersion "1"]
[SourceVersionDate "2019.05.31"]
[SourceQuality "1"]
[WhiteTeam "Miskolc Kisbocsok"]
[BlackTeam "Szirmabesenyo"]
[WhiteTeamCountry "HUN"]
[BlackTeamCountry "HUN"]

1. e4 c6 2. d4 d5 3. exd5 cxd5 4. Bd3 Nc6 5. c3 Nf6 6. Bf4 Qb6 7. Qb3 Qxb3 8. axb3 Bg4 9. Nd2 Nh5 10. Bg3 Nxg3 11. hxg3 e5 12. dxe5 Nxe5 13. Bb5+ Bd7 14. Bxd7+ Nxd7 15. Ngf3 Bc5 1/2-1/2